|
|
|
|
| LEADER |
00000cam a22000004a 4500 |
| 001 |
musev2_5844 |
| 003 |
MdBmJHUP |
| 005 |
20230905040706.0 |
| 006 |
m o d |
| 007 |
cr||||||||nn|n |
| 008 |
060825s2003 cc o 00 0 eng d |
| 010 |
|
|
|z 2006478002
|
| 020 |
|
|
|a 9789888053346
|
| 020 |
|
|
|z 9789622095847
|
| 035 |
|
|
|a (OCoLC)650500889
|
| 040 |
|
|
|a MdBmJHUP
|c MdBmJHUP
|
| 050 |
0 |
4 |
|a PN1998.3.W65
|b D47 2003
|
| 100 |
1 |
|
|a Dissanayake, Wimal.
|
| 245 |
1 |
0 |
|a Wong Kar-wai's Ashes of Time /
|c Wimal Dissanayake with Dorothy Wong.
|
| 264 |
|
1 |
|a Hong Kong :
|b Hong Kong University Press,
|c 2003.
|
| 264 |
|
3 |
|a Baltimore, Md. :
|b Project MUSE,
|c 2012
|
| 264 |
|
4 |
|c ©2003.
|
| 300 |
|
|
|a 1 online resource (196 pages):
|b col. ports. ;
|
| 336 |
|
|
|a text
|b txt
|2 rdacontent
|
| 337 |
|
|
|a computer
|b c
|2 rdamedia
|
| 338 |
|
|
|a online resource
|b cr
|2 rdacarrier
|
| 504 |
|
|
|a Includes bibliographical references (p. [171]-175).
|
| 588 |
|
|
|a Description based on print version record.
|
| 600 |
1 |
0 |
|a Jin, Yong,
|d 1924-
|t She diao ying xiong zhuan.
|
| 600 |
1 |
0 |
|a Wong, Kar-wai,
|d 1958-
|x Criticism and interpretation.
|
| 650 |
|
0 |
|a Martial arts films
|x History and criticism.
|
| 655 |
|
7 |
|a Electronic books.
|2 local
|
| 700 |
1 |
|
|a Wong, Dorothy.
|
| 710 |
2 |
|
|a Project Muse.
|e distributor
|
| 830 |
|
0 |
|a Book collections on Project MUSE.
|
| 856 |
4 |
0 |
|z Texto completo
|u https://projectmuse.uam.elogim.com/book/5844/
|
| 945 |
|
|
|a Project MUSE - Custom Collection
|
| 945 |
|
|
|a Project MUSE - Archive Complete Foundation
|
| 945 |
|
|
|a Project MUSE - Archive Film, Theater and Performing Arts Foundation
|
| 945 |
|
|
|a Project MUSE - Archive Asian and Pacific Studies Foundation
|